| 000 | 00910nam a2200253 i 4500 | ||
|---|---|---|---|
| 001 | 66404 | ||
| 003 | ES-MaACL | ||
| 005 | 20260118063015.0 | ||
| 007 | t| | ||
| 008 | 040213s2002 sp ||||1| spa d | ||
| 020 | _a84-8138-497-6 | ||
| 100 | 1 |
_aArrabal, Fernando, _d1932- _923204 |
|
| 245 | 1 | 0 |
_aCarta de amor _b: ("como un suplicio chino") / _cFernando Arrabal ; introducción de Ángel Berenguer. |
| 260 |
_a[Alcalá de Henares] : _bServicio de Publicaciones de la Universidad de Alcalá, _cD.L. 2002. |
||
| 300 |
_a51 p. ; _c18 cm. |
||
| 490 | 1 |
_aRevista Teatro. Colección Textos/Teatro ; _v6 |
|
| 500 | _a"Monólogo para una actriz"--anteport. | ||
| 500 | _aEl título de la serie varía | ||
| 700 | 1 |
_aBerenguer, Ángel, _d1943- _927879 |
|
| 830 | 0 |
_aRevista Teatro (Ateneo de Madrid) ; _9242694 _v6 |
|
| 852 |
_aES-MaACL _jL-26867 _bR.132352 |
||
| 942 | _2udc | ||
| 999 |
_c66404 _d66404 |
||